<?xml version="1.0" encoding="UTF-8"?>
<record
    xmlns:xsi="http://www.w3.org/2001/XMLSchema-instance"
    xsi:schemaLocation="http://www.loc.gov/MARC21/slim http://www.loc.gov/standards/marcxml/schema/MARC21slim.xsd"
    xmlns="http://www.loc.gov/MARC21/slim">

  <leader>01215nam a22002657a 4500</leader>
  <controlfield tag="005">20170124103157.0</controlfield>
  <datafield tag="010" ind1=" " ind2=" ">
    <subfield code="a">B-077091</subfield>
  </datafield>
  <datafield tag="020" ind1=" " ind2=" ">
    <subfield code="c">100.00</subfield>
  </datafield>
  <datafield tag="035" ind1=" " ind2=" ">
    <subfield code="a">B-077091</subfield>
  </datafield>
  <datafield tag="037" ind1=" " ind2=" ">
    <subfield code="b">Cen Lib/Ret</subfield>
  </datafield>
  <datafield tag="040" ind1=" " ind2=" ">
    <subfield code="a">DPL</subfield>
    <subfield code="b">HN</subfield>
  </datafield>
  <datafield tag="082" ind1=" " ind2=" ">
    <subfield code="a">954.0841</subfield>
    <subfield code="b">&#x938;&#x93E;&#x939;&#x942;&#x915;&#x941; </subfield>
  </datafield>
  <datafield tag="100" ind1=" " ind2=" ">
    <subfield code="a">&#x938;&#x93E;&#x939;&#x942;, &#x915;&#x941;&#x92E;&#x93E;&#x930; </subfield>
    <subfield code="9">116459</subfield>
  </datafield>
  <datafield tag="245" ind1=" " ind2=" ">
    <subfield code="a">&#x917;&#x941;&#x932;&#x93E;&#x92E;&#x940; &#x915;&#x93E; &#x905;&#x902;&#x927;&#x947;&#x930;&#x93E; :</subfield>
    <subfield code="c">&#x915;&#x941;&#x92E;&#x93E;&#x930; &#x938;&#x93E;&#x939;&#x942;</subfield>
    <subfield code="b">&#x938;&#x94D;&#x935;&#x93E;&#x927;&#x940;&#x928;&#x924;&#x93E; &#x938;&#x902;&#x917;&#x94D;&#x930;&#x93E;&#x92E; &#x915;&#x93E; &#x938;&#x902;&#x915;&#x94D;&#x937;&#x93F;&#x92A;&#x94D;&#x924; &#x907;&#x924;&#x93F;&#x939;&#x93E;&#x938; /</subfield>
  </datafield>
  <datafield tag="246" ind1=" " ind2=" ">
    <subfield code="a">Ghulami ka andhera : swadhinta sangram ka sanshipt  itihas /</subfield>
  </datafield>
  <datafield tag="260" ind1=" " ind2=" ">
    <subfield code="a">&#x930;&#x93E;&#x92F;&#x92A;&#x941;&#x930; </subfield>
    <subfield code="b">&#x92A;&#x94D;&#x930;&#x93F;&#x92F;&#x902;&#x915;&#x93E; &#x92A;&#x94D;&#x930;&#x915;&#x93E;&#x936;&#x928; </subfield>
    <subfield code="c">2000</subfield>
  </datafield>
  <datafield tag="270" ind1=" " ind2=" ">
    <subfield code="a"> 2/717, &#x917;&#x940;&#x924;&#x93E; &#x928;&#x917;&#x930;, &#x91A;&#x94C;&#x92C;&#x947; &#x915;&#x949;&#x932;&#x94B;&#x928;&#x940; </subfield>
    <subfield code="b">&#x930;&#x93E;&#x92F;&#x92A;&#x941;&#x930; </subfield>
    <subfield code="e">492001</subfield>
  </datafield>
  <datafield tag="300" ind1=" " ind2=" ">
    <subfield code="a">188&#x92A;&#x943;. </subfield>
    <subfield code="c">21&#x938;&#x947;&#x92E;&#x940;(&#x938;&#x91C;&#x93F;&#x932;&#x94D;&#x926;)</subfield>
  </datafield>
  <datafield tag="500" ind1=" " ind2=" ">
    <subfield code="a">&#x905;&#x928;&#x941;&#x915;&#x94D;&#x930;&#x92E;&#x923;&#x93F;&#x915;&#x93E;  &#x936;&#x93E;&#x92E;&#x93F;&#x932;     </subfield>
  </datafield>
  <datafield tag="650" ind1=" " ind2=" ">
    <subfield code="a">&#x907;&#x924;&#x93F;&#x939;&#x93E;&#x938; </subfield>
    <subfield code="9">116460</subfield>
  </datafield>
  <datafield tag="650" ind1=" " ind2=" ">
    <subfield code="a">&#x91C;&#x932;&#x93F;&#x92F;&#x93E;&#x902;&#x935;&#x93E;&#x932;&#x93E; &#x939;&#x924;&#x94D;&#x92F;&#x93E;--&#x915;&#x93E;&#x902;&#x921;</subfield>
    <subfield code="9">82482</subfield>
  </datafield>
  <datafield tag="650" ind1=" " ind2=" ">
    <subfield code="a">Geography</subfield>
    <subfield code="9">116461</subfield>
  </datafield>
  <datafield tag="650" ind1=" " ind2=" ">
    <subfield code="a">Jallianwala murder--scandal</subfield>
    <subfield code="9">90299</subfield>
  </datafield>
  <datafield tag="942" ind1=" " ind2=" ">
    <subfield code="2">ddc</subfield>
    <subfield code="c">HN</subfield>
    <subfield code="h">954.0841</subfield>
    <subfield code="m">&#x938;&#x93E;&#x939;&#x942;&#x915;&#x941; </subfield>
  </datafield>
  <datafield tag="999" ind1=" " ind2=" ">
    <subfield code="c">120411</subfield>
    <subfield code="d">120411</subfield>
  </datafield>
  <datafield tag="952" ind1=" " ind2=" ">
    <subfield code="0">0</subfield>
    <subfield code="1">0</subfield>
    <subfield code="4">0</subfield>
    <subfield code="7">0</subfield>
    <subfield code="a">L</subfield>
    <subfield code="b">L</subfield>
    <subfield code="d">2015-09-22</subfield>
    <subfield code="e">Cen Lib/Ret</subfield>
    <subfield code="g">100.00</subfield>
    <subfield code="l">1</subfield>
    <subfield code="o">954.0841 &#x938;&#x93E;&#x939;&#x942;&#x915;&#x941;</subfield>
    <subfield code="p">B-077091</subfield>
    <subfield code="r">2024-03-27 00:00:00</subfield>
    <subfield code="s">2024-03-18</subfield>
    <subfield code="t">1</subfield>
    <subfield code="v">100.00</subfield>
    <subfield code="w">2016-09-15</subfield>
    <subfield code="y">HN</subfield>
  </datafield>
</record>
